Six sigma : control estadístico del proceso y administración total de la calidad en manufactura y servicios /
Contenido: Introducción; El desarrollo de la calidad; ¿Qué es Six Sigma?; Comprender una organización; Comprender al cliente; La visión y beneficio de Six Sigma; Instrumentar Six Sigma en la práctica; Observar el futuro; Apéndice.
Guardado en:
| Hovedforfatter: | |
|---|---|
| Format: | Bog |
| Sprog: | spansk |
| Udgivet: |
México :
Panorama,
2002, c2002
|
| Fag: | |
| Tags: |
Ingen Tags, Vær først til at tagge denne postø!
|
MARC
| LEADER | 00000nam^a2200000^a^4500 | ||
|---|---|---|---|
| 001 | 000154189 | ||
| 005 | 20250521000000.0 | ||
| 009 | 20260310100344.086 | ||
| 020 | |a 968-38-1098-5 | ||
| 037 | |a Acervo ITESO - Biblioteca | ||
| 041 | |a ESP | ||
| 082 | |a 658. 562 |b TEN | ||
| 100 | |a Tennant, Geoff |e (autor) | ||
| 245 | 1 | 0 | |a Six sigma : |b control estadístico del proceso y administración total de la calidad en manufactura y servicios / |c G. Tennant ; tr. por Juan Carlos Jolly. |
| 264 | 4 | |a México : |b Panorama, |c 2002, c2002 | |
| 300 | |a 238 p. | ||
| 336 | |a texto |b txt |2 rdacontenido | ||
| 337 | |a sin mediación |b n |2 rdamedio | ||
| 338 | |a volumen |b nc |2 rdasoporte | ||
| 500 | |a Traducción de: Six Sigma | ||
| 520 | |a Contenido: Introducción; El desarrollo de la calidad; ¿Qué es Six Sigma?; Comprender una organización; Comprender al cliente; La visión y beneficio de Six Sigma; Instrumentar Six Sigma en la práctica; Observar el futuro; Apéndice. | ||
| 649 | |a XX | ||
| 650 | |a Clientes | ||
| 650 | |a Atención al Cliente | ||
| 650 | |a Calidad en el Servicio | ||
| 650 | |a Control Estadístico de Calidad | ||
| 650 | |a Control de Calidad | ||
| 650 | |a Control de Procesos | ||
| 650 | |a Proceso de Producción | ||
| 650 | |a Proceso Administrativo | ||
| 650 | |a Mercadotecnia de Servicios | ||
| 650 | |a Administración - |x Metodología | ||
| 650 | |a Empresas - |x Administración | ||
| 650 | |a Ingeniería Industrial | ||
| 650 | |a Ciencias Administrativas | ||
| 910 | |a Fondo General | ||
| 920 | |a Impresos - Libros | ||
| 930 | |a Colección General | ||
| 905 | |a 101 | ||
| 901 | |a 0500085803 |b IT1 |c ACC |u 20250521 | ||
| 902 | |a https://opac.biblio.iteso.mx/vufind/Record/000154189 | ||